Music Quiz

Random Music or Kpop Quiz

VIXX Songs by Ravi's Lines [audio] Quiz Stats

 Plays Quiz not verified by Sporcle

Score 0/14 Timer 05:00
0 Plays Today
Time Song Title % Correct
0:07Hyde
91.3%
0:27Chained Up
90.4%
1:13Voodoo Doll
86.2%
0:39Eternity
85.8%
0:14On and On
84.9%
0:21Rock Ur Body
80.2%
1:05Super Hero
74.7%
Time Song Title % Correct
0:58G.R.8.U.
68.3%
0:35Starlight
52.3%
0:30B.O.D.Y
47%
0:00어떡하지
42.1%
0:44UUUUU
36.8%
1:02Spider
30.9%
0:52그만버티고 (You're Mine)
22.1%

You're not logged in!

Compare scores with friends on all Sporcle quizzes.
OR
Log In

You Might Also Like...

Show Comments

Extras

Created Aug 11, 2016ReportNominate
Tags:Kpop Quiz, Audio Quiz, Kpop Quiz

Top Quizzes Today


Score Distribution

Your Account Isn't Verified!

In order to create a playlist on Sporcle, you need to verify the email address you used during registration. Go to your Sporcle Settings to finish the process.

Report this User

Report this user for behavior that violates our Community Guidelines.

Details: